00318nam a22001337a 4500003000400000020001900004082001800023100001800041245005000059250000800109260004200117300000800159650001700167SGT a978-3319772097 a617.643bC19H aNicolas Hardt aCraniofacial Trauma: Diagnosis and Management a2ND aNEW DELHI bSpringer Publisher c2019 a351 aORAL SURGERY